Strategija i taktika finansovogo ozdorovlenija.

Opatrenia na zníženie rozpočtového deficitu. Formovanie jednotného daňového systému. Zmena prístupu k rozpočtovému financovaniu. Organizácia finančného trhu a rozvoj progresívnych foriem jeho regulovania. Príprava opatrení pre aktívne využívanie financií v systéme regulovanej trhovej ekonomiky.

Enregistré dans:
Détails bibliographiques
Auteur principal: Rajevskij, V.
Format: Chapitre de livre
Langue:russe
Sujets:
Tags: Ajouter un tag
Pas de tags, Soyez le premier à ajouter un tag!

MARC

LEADER 00000naa a2200000 4500
001 r001185
005 20220819192925.0
041 0 |a rus 
044 |a [SU] 
245 1 0 |a Strategija i taktika finansovogo ozdorovlenija.  |c V. Rajevskij 
520 |a Opatrenia na zníženie rozpočtového deficitu. Formovanie jednotného daňového systému. Zmena prístupu k rozpočtovému financovaniu. Organizácia finančného trhu a rozvoj progresívnych foriem jeho regulovania. Príprava opatrení pre aktívne využívanie financií v systéme regulovanej trhovej ekonomiky. 
610 2 0 |a financie 
610 2 0 |a deficit 
610 2 0 |a rozpočet štátny 
610 2 0 |a sústava daňová 
610 2 0 |a papiere cenné 
610 2 0 |a stratégia hospodárska 
610 2 0 |a ZSSR 
610 2 0 |a hospodárstvo trhové 
100 1 |a Rajevskij, V.